Top 5 Girls Names Of Every Letter (Since 1880) - Statistics

General Stats
  • This quiz has been taken 2,019 times
  • The average score is 54 of 130
Answer Stats
Letter Answer % Correct
A Anna
85%
E Elizabeth
81%
M Mary
81%
O Olivia
80%
E Emily
79%
E Emma
79%
S Sarah
77%
I Isabel
74%
H Hannah
72%
C Carol
71%
J Jennifer
71%
A Amy
70%
J Jessica
70%
L Laura
70%
R Rachel
70%
G Grace
69%
V Victoria
69%
P Patricia
68%
C Catherine
66%
Z Zoe
66%
H Helen
65%
M Margaret
65%
S Susan
64%
B Barbara
63%
J Julie
63%
R Rebecca
62%
A Amanda
61%
F Frances
61%
I Isabella
61%
R Rose
61%
D Diane
60%
C Carolyn
59%
C Christine
59%
L Linda
59%
K Katherine
58%
L Lauren
57%
L Lisa
57%
O Olive
57%
W Wendy
56%
B Betty
55%
J Janet
54%
K Karen
54%
N Nancy
54%
N Natalie
53%
D Dorothy
51%
E Evelyn
51%
N Nicole
51%
D Donna
50%
Q Quinn
50%
R Ruth
50%
A Angela
49%
K Kelly
49%
M Michelle
49%
P Paula
49%
F Florence
48%
K Kimberly
48%
S Stephanie
48%
B Brenda
47%
M Melissa
47%
V Veronica
46%
A Ashley
45%
I Irene
45%
P Pamela
45%
Q Queen
45%
V Vanessa
45%
D Deborah
44%
H Holly
43%
S Sharon
43%
F Faith
42%
H Heather
42%
S Sandra
41%
T Tina
41%
V Valerie
41%
Y Yvonne
41%
U Ursula
40%
W Wanda
38%
G Gloria
36%
K Kathleen
36%
E Erin
35%
R Ruby
34%
Y Yvette
34%
B Brittany
33%
M Martha
33%
Q Queenie
33%
Y Yolanda
31%
I Ida
30%
T Tammy
30%
T Teresa
30%
T Theresa
30%
J Joyce
29%
G Gladys
27%
U Una
27%
V Virginia
27%
W Wilma
27%
C Cynthia
26%
L Lillian
26%
T Tiffany
26%
Y Yasmin
25%
D Debra
24%
H Hazel
24%
N Nellie
24%
Z Zoey
24%
F Fannie
23%
N Norma
23%
U Uma
22%
G Gail
20%
Z Zelda
20%
B Beverly
19%
O Olga
19%
F Felicia
17%
O Opal
17%
P Peggy
17%
P Phyllis
17%
W Whitney
16%
G Geraldine
14%
X Ximena
14%
I Irma
13%
X Xenia
13%
W Willie
8%
U Ula
7%
U Unique
6%
X Xiomara
6%
O Ollie
5%
Y Yesenia
5%
Z Zella
3%
Z Zelma
3%
X Xochitl
1%
Q Qiana
0%
Q Quiana
0%
X Xitlali
0%
No matching quizzes found
Score Distribution
Percent of People with Each Score
Percentile by Number Answered
Your Score History
You have not taken this quiz